Mexico: lacandon Selva Conflict Grows /
Uloženo v:
| Hlavní autor: | |
|---|---|
| Médium: | Text |
| Témata: | |
| Tagy: |
Přidat tag
Žádné tagy, Buďte první, kdo vytvoří štítek k tomuto záznamu!
|
MARC
| LEADER | 00000 a a2200000 04500 | ||
|---|---|---|---|
| 001 | 9989 | ||
| 003 | |||
| 040 | |||
| 100 | |a Weinberg, Bill | ||
| 245 | |a Mexico: |b lacandon Selva Conflict Grows / |c Bill Weinberg | ||
| 650 | |a RECURSOS NATURALES | ||
| 650 | |a CONFLICTOS POLITICOS | ||
| 650 | |a CONFLICTOS SOCIALES | ||
| 650 | |a PROTECCION AMBIENTAL | ||
| 650 | |a DESARROLLO ECONOMICO | ||
| 650 | |a DETERIORO AMBIENTAL | ||
| 773 | |g volumen 36, número 6; páginas 26-31 | ||
| 999 | |c 37058 |d 37058 | ||
